|
|
|
|
| LEADER |
01542nam a22003375a 4500 |
| 001 |
28574 |
| 003 |
BD-DhAAL |
| 005 |
20220828100301.0 |
| 008 |
141209s2012 bg 000 0 eng d |
| 999 |
|
|
|c 33287
|d 33287
|
| 010 |
|
|
|a 2013315693
|
| 020 |
|
|
|a 9789845060417
|
| 025 |
|
|
|a B-E-2013-315693; 22-91
|
| 037 |
|
|
|b Library of Congress -- New Delhi Overseas Office
|
| 040 |
|
|
|a DLC
|c DLC
|d BD-DhAAL
|
| 042 |
|
|
|a lcode
|
| 082 |
0 |
0 |
|a 320.954
|2 22
|
| 245 |
0 |
0 |
|a Regional cooperation & globalisation :
|b Bangladesh, South Asia and beyond : essays in memory of Fakhruddin Ahmed /
|c edited by Zillur R. Khan and Meghna Guhathakurta.
|
| 260 |
|
|
|a Dhaka :
|b University Press Limited,
|c 2012.
|
| 300 |
|
|
|a xxxiv, 250 pages ;
|c 22 cm.
|
| 526 |
|
|
|a GenEd
|
| 541 |
|
|
|a Book Finder International
|e 28574, 39416
|
| 651 |
|
0 |
|a South Asia
|x Politics and government
|y 20th century.
|9 6777
|
| 651 |
|
0 |
|a South Asia
|x Politics and government
|y 21th century.
|9 6778
|
| 700 |
1 |
|
|a Khan, Zillur R.
|d 1938-
|q (Zillur Rahman),
|9 6779
|
| 700 |
1 |
|
|a Guhathakurta, Meghna.
|9 6780
|
| 700 |
1 |
|
|a Ahmed, Fakhruddin,
|d 1931-
|9 6781
|
| 852 |
|
|
|a Ayesha Abed Library
|c General Stacks
|
| 942 |
|
|
|2 ddc
|c BK
|
| 952 |
|
|
|0 0
|1 0
|2 ddc
|4 0
|6 320_954000000000000_REG
|7 0
|9 44452
|a BRACUL
|b BRACUL
|c GEN
|d 2014-12-09
|e Development Book Agency
|g 490.00
|l 0
|o 320.954 REG
|p 3010028574
|r 2014-12-09
|t 1
|w 2014-12-09
|y BK
|
| 952 |
|
|
|0 0
|1 0
|2 ddc
|4 0
|6 320_954000000000000_REG
|7 0
|9 71464
|a SCL
|b SCL
|c GEN
|d 2022-08-03
|e Book Finder International
|g 454.51
|l 0
|o 320.954 REG
|p 3020039416
|r 2022-08-03
|t 2
|v 0.00
|w 2022-08-03
|y BK
|